[Event "Jaen op 21st"]
[Site "Jaen"]
[Date "2011.02.06"]
[Round "6"]
[White "Iturrizaga Bonelli, Eduardo"]
[Black "Granda Zuniga, Julio E"]
[Result "1-0"]
[WhiteElo "2611"]
[BlackElo "2615"]
[PlyCount "305"]
[EventDate "2011.02.06"]
[EventType "swiss (rapid)"]
[EventRounds "9"]
[EventCountry "ESP"]
[SourceTitle "CBM 140 Extra"]
[Source "ChessBase"]
[SourceDate "2011.03.01"]
[SourceVersion "1"]
[SourceVersionDate "2011.03.01"]
[SourceQuality "1"]

1. Nf3 d5 2. c4 c6 3. e3 Nf6 4. Nc3 e6 5. Qc2 Nbd7 6. b3 Bd6 7. Bb2 O-O 8. Rg1
a6 9. g4 b5 10. g5 Ne8 11. h4 Bb7 12. h5 g6 13. Ne2 e5 14. Bh3 Ng7 15. Bxd7
Qxd7 16. hxg6 Rae8 17. gxh7+ Kh8 18. c5 Bc7 19. d4 e4 20. Ne5 Qf5 21. Nf4 Bc8
22. g6 Be6 23. gxf7 Bxf7 24. Nfg6+ Bxg6 25. Nxg6+ Kxh7 26. Nxf8+ Rxf8 27. O-O-O
Qxf2 28. Qxf2 Rxf2 29. Rdf1 Bg3 30. Rh1+ Kg8 31. Rxf2 Bxf2 32. Kd2 Nf5 33. Rh3
Ng3 34. Bc1 Kg7 35. Kd1 Nf5 36. Ke2 Bh4 37. Bd2 Bf6 38. Be1 Kg6 39. Bg3 Bg5 40.
Bf2 Bh6 41. b4 Kf6 42. Rh1 Bxe3 43. Bxe3 Ng3+ 44. Kf2 Nxh1+ 45. Kg2 Kf5 46.
Kxh1 Kg4 47. Kg2 Kh4 48. Bf2+ Kg4 49. Bg3 Kf5 50. Kf2 Kg4 51. Be5 Kh3 52. Kf1
Kh4 53. Kf2 Kh3 54. Bc7 Kh4 55. Be5 Kh3 56. Bg3 Kg4 57. Kg2 Kf5 58. Be1 Kf4 59.
Kf2 Kg4 60. Ke3 Kg5 61. a3 Kg4 62. Kf2 Kh3 63. Bd2 Kg4 64. Bc1 Kh3 65. Bh6 Kg4
66. Kg2 Kh4 67. Be3 Kg4 68. Bc1 Kh4 69. Bd2 Kg4 70. Be3 Kh4 71. Bf2+ Kg4 72.
Bg3 Kf5 73. Kf2 Kg4 74. Bb8 Kh3 75. Bc7 Kg4 76. Be5 Kh3 77. Bg3 Kg4 78. Kg2 Kf5
79. Be5 Kg4 80. Kf2 Kh3 81. Ke3 Kg4 82. Bc7 Kf5 83. Bb8 Kg4 84. Ba7 Kf5 85. Bb6
Kg4 86. Ba5 Kf5 87. Bd8 Kg4 88. Bf6 Kf5 89. Be5 Kg4 90. Bb8 Kf5 91. Kf2 Kg4 92.
Bc7 Kh3 93. Bg3 Kg4 94. Kg2 Kf5 95. Kf2 Kg4 96. Bc7 Kh3 97. Bb8 Kg4 98. Bd6 Kh3
99. Bb8 Kg4 100. Bc7 Kh3 101. Bg3 Kg4 102. Kg2 Kf5 103. Kf2 Kg4 104. Bh2 Kh3
105. Bb8 Kg4 106. Be5 Kh3 107. Bg7 Kg4 108. Bh6 Kh3 109. Bc1 Kg4 110. Bd2 Kh3
111. Be3 Kh2 112. Bc1 Kh3 113. Bd2 Kh2 114. Be3 Kh3 115. Bf4 Kg4 116. Bc7 Kh3
117. Bd6 Kg4 118. Bf8 Kh3 119. Bg7 Kg4 120. Bh6 Kh3 121. Bc1 Kg4 122. Bd2 Kh3
123. Bf4 Kg4 124. Bd6 Kh3 125. Bc7 Kg4 126. Kg2 Kh4 127. Bf4 Kg4 128. Be3 Kh4
129. Bc1 Kg4 130. Kf2 Kh3 131. Bh6 Kg4 132. Be3 Kh3 133. Bf4 Kg4 134. Bd6 Kh3
135. Bc7 Kg4 136. Bb8 Kh3 137. Ba7 Kg4 138. Bb6 Kh3 139. Bc7 Kg4 140. Kg2 Kh4
141. Bf4 Kg4 142. Bg3 Kf5 143. Kh3 e3 144. Kg2 Ke4 145. Be5 Kd3 146. Kf1 Kc3
147. Ke2 Kb3 148. Bg3 Kxa3 149. Be1 Kb3 150. Kxe3 Kc4 151. Bd2 Kb3 152. Kf4 Kc2
153. Be1 1-0

[Event "Santo Domingo AES Cup 2nd"]
[Site "Santo Domingo"]
[Date "2012.12.07"]
[Round "9"]
[White "Iturrizaga Bonelli, Eduardo"]
[Black "Becerra Rivero, Julio"]
[Result "1-0"]
[WhiteElo "2649"]
[BlackElo "2551"]
[PlyCount "61"]
[EventDate "2012.12.01"]
[EventType "swiss"]
[EventRounds "9"]
[EventCountry "DOM"]
[SourceTitle "CBM 151 Extra"]
[Source "ChessBase"]
[SourceDate "2012.12.18"]
[SourceVersion "1"]
[SourceVersionDate "2012.12.18"]
[SourceQuality "1"]

1. Nf3 Nf6 2. c4 g6 3. Nc3 Bg7 4. e4 d6 5. d4 O-O 6. Be2 e5 7. O-O Nc6 8. d5
Ne7 9. b4 Ne8 10. c5 h6 11. Nd2 f5 12. Nc4 g5 13. a4 Nf6 14. f3 f4 15. Ba3 Ng6
16. b5 dxc5 17. Bxc5 Rf7 18. a5 Bf8 19. Bf2 h5 20. b6 g4 21. d6 cxd6 22. bxa7
g3 23. Bb6 Qe7 24. Nxd6 Be6 25. Nxf7 Nh7 26. Nd8 Qh4 27. h3 Bxh3 28. Bc4+ Kh8
29. gxh3 Qxh3 30. Ra2 Nh4 31. Be6 1-0

[Event "Moscow Aeroflot rapid KO"]
[Site "Moscow"]
[Date "2013.02.15"]
[Round "1.2"]
[White "Iturrizaga Bonelli, Eduardo"]
[Black "Chadaev, Nikolay"]
[Result "1-0"]
[WhiteElo "2646"]
[BlackElo "2582"]
[PlyCount "110"]
[EventDate "2013.02.15"]
[EventType "k.o. (rapid)"]
[EventRounds "2"]
[EventCountry "RUS"]
[SourceTitle "CBM 152 Extra"]
[Source "ChessBase"]
[SourceDate "2013.02.25"]
[SourceVersion "1"]
[SourceVersionDate "2013.02.25"]
[SourceQuality "1"]

1. d4 d5 2. c4 c6 3. Nc3 Nf6 4. Nf3 dxc4 5. a4 Bf5 6. Ne5 Nbd7 7. Nxc4 Nb6 8.
Ne5 a5 9. f3 Nfd7 10. e4 Nxe5 11. exf5 Ned7 12. d5 g6 13. dxc6 bxc6 14. Qd4 Rg8
15. fxg6 Rxg6 16. Be3 Bg7 17. Qd2 Rd6 18. Qc2 Nf6 19. Be2 Nbd5 20. Nxd5 Nxd5
21. Bc5 Rg6 22. Bc4 Rb8 23. Rb1 Qd7 24. O-O Nf4 25. Rfd1 Qc7 26. g3 Be5 27. Kf1
Nd5 28. Re1 Bd6 29. Bf2 Qd7 30. Kg1 Nf4 31. Qc3 Rg8 32. Bf1 Kf8 33. Qxa5 Nh3+
34. Bxh3 Qxh3 35. Rbd1 Rg6 36. Qc3 Kg8 37. Re4 h5 38. Rdd4 Qf5 39. Rc4 c5 40.
Kg2 h4 41. Rxh4 Be5 42. Qd2 Bf6 43. Rxc5 Qb1 44. Rb4 Ra8 45. Qc2 Qa2 46. Rc8+
Rxc8 47. Qxc8+ Kg7 48. Rb8 Kh7 49. Qh3+ Rh6 50. Qf5+ Kg7 51. a5 Rg6 52. Qc8 Kh7
53. Qh3+ Rh6 54. Qf5+ Kg7 55. Qc8 Rh8 1-0

[Event "Moscow Aeroflot rapid KO"]
[Site "Moscow"]
[Date "2013.02.15"]
[Round "1.3"]
[White "Iturrizaga Bonelli, Eduardo"]
[Black "Chadaev, Nikolay"]
[Result "1-0"]
[WhiteElo "2646"]
[BlackElo "2582"]
[PlyCount "107"]
[EventDate "2013.02.15"]
[EventType "k.o. (rapid)"]
[EventRounds "2"]
[EventCountry "RUS"]
[SourceTitle "CBM 152 Extra"]
[Source "ChessBase"]
[SourceDate "2013.02.25"]
[SourceVersion "1"]
[SourceVersionDate "2013.02.25"]
[SourceQuality "1"]

1. Nf3 Nf6 2. c4 g6 3. Nc3 Bg7 4. e4 O-O 5. d4 d6 6. Be2 Bg4 7. Ng1 Bxe2 8.
Ngxe2 Nfd7 9. O-O c5 10. d5 Na6 11. Be3 Nc7 12. Qd2 Re8 13. f4 a6 14. e5 dxe5
15. f5 b5 16. b3 bxc4 17. bxc4 Rb8 18. Ne4 Nf6 19. Nxc5 Qc8 20. fxg6 hxg6 21.
h3 Rd8 22. Rfd1 Nce8 23. Qa5 Nd6 24. Rac1 Rb2 25. Rd2 Rxd2 26. Qxd2 e4 27. Qa5
Nf5 28. Bf4 Nd7 29. Nxe4 Ne5 30. Bxe5 Bxe5 31. Qb6 Nd6 32. Nd2 Nf5 33. Nf3 Bc7
34. Qc6 Rd6 35. Qa4 Bb6+ 36. Kh1 Qc5 37. Qe8+ Kg7 38. Ne5 Rf6 39. Nd7 Qf2 40.
Qf8+ Kh7 41. Nxf6+ exf6 42. Qxf7+ Kh6 43. Qf8+ Kg5 44. c5 Qxe2 45. cxb6 Ng3+
46. Kh2 Qe5 47. h4+ Kg4 48. Qc8+ f5 49. Qc7 Nf1+ 50. Kg1 Qe3+ 51. Kxf1 Qd3+ 52.
Kg1 Qd4+ 53. Kh1 Kxh4 54. Rc4 1-0

[Event "Skopje Karposh op"]
[Site "Skopje"]
[Date "2013.03.13"]
[Round "6"]
[White "Jumabayev, Rinat"]
[Black "Iturrizaga Bonelli, Eduardo"]
[Result "0-1"]
[WhiteElo "2554"]
[BlackElo "2650"]
[PlyCount "80"]
[EventDate "2013.03.09"]
[EventType "swiss"]
[EventRounds "9"]
[EventCountry "MKD"]
[SourceTitle "CBM 153 Extra"]
[Source "ChessBase"]
[SourceDate "2013.04.22"]
[SourceVersion "1"]
[SourceVersionDate "2013.04.22"]
[SourceQuality "1"]

1. d4 Nf6 2. c4 c5 3. Nf3 cxd4 4. Nxd4 Nc6 5. Nc3 g6 6. g3 d6 7. Bg2 Bd7 8. O-O
Bg7 9. Nc2 Qc8 10. Bg5 Ng4 11. Nd5 h6 12. Bf4 g5 13. Bc1 Na5 14. Nce3 Nxe3 15.
Bxe3 Bxb2 16. Bd4 Bxa1 17. Qxa1 Rg8 18. c5 dxc5 19. Be5 Bc6 20. Nc7+ Kf8 21.
Nxa8 Bxg2 22. Kxg2 Qxa8 23. Qb1 b6+ 24. Kg1 Nc6 25. Bc3 Qc8 26. Rd1 Rg6 27. Qe4
Qe6 28. Qf3 f6 29. Rd5 g4 30. Qd3 Rg5 31. e4 Ke8 32. h4 gxh3 33. f4 c4 34. Qf3
Qg4 35. Qxg4 Rxg4 36. Kh2 Rg8 37. Kxh3 Kf7 38. Rd7 Ke6 39. Rc7 Kd6 40. Rb7 Kc5
0-1

[Event "Skopje Karposh op"]
[Site "Skopje"]
[Date "2013.03.15"]
[Round "8"]
[White "Yemelin, Vasily"]
[Black "Iturrizaga Bonelli, Eduardo"]
[Result "0-1"]
[WhiteElo "2574"]
[BlackElo "2650"]
[PlyCount "88"]
[EventDate "2013.03.09"]
[EventType "swiss"]
[EventRounds "9"]
[EventCountry "MKD"]
[SourceTitle "CBM 153 Extra"]
[Source "ChessBase"]
[SourceDate "2013.04.22"]
[SourceVersion "1"]
[SourceVersionDate "2013.04.22"]
[SourceQuality "1"]

1. Nf3 g6 2. e4 Bg7 3. d4 d6 4. Be2 Nf6 5. Nc3 O-O 6. O-O c6 7. a4 Qc7 8. Bf4
Nbd7 9. e5 Nh5 10. Bg5 f6 11. exd6 exd6 12. Be3 d5 13. Qd2 f5 14. Bh6 Nhf6 15.
Bxg7 Kxg7 16. Na2 Ne4 17. Qb4 a5 18. Qa3 b6 19. Nc1 Bb7 20. Nd3 c5 21. Nde5
Ndf6 22. Rac1 Rae8 23. c3 Re7 24. Rcd1 g5 25. Qa1 h6 26. Qc1 Rc8 27. g3 cxd4
28. cxd4 Qc2 29. Bb5 Qb3 30. Rd3 Qa2 31. Qe3 Qxb2 32. h4 f4 33. gxf4 g4 34. Nd2
Nd6 35. f5 Nf7 36. Qf4 Nxe5 37. dxe5 Qxe5 38. Qg3 Qxf5 39. Nb3 Nh5 40. Qd6 Qf6
41. Qxf6+ Kxf6 42. Nd4 Nf4 43. Rg3 Re4 44. Rd1 Ke5 0-1

[Event "Barcelona Sants op 15th"]
[Site "Barcelona"]
[Date "2013.08.28"]
[Round "6"]
[White "Iturrizaga Bonelli, Eduardo"]
[Black "Filippov, Anton"]
[Result "1-0"]
[WhiteElo "2660"]
[BlackElo "2630"]
[PlyCount "85"]
[EventDate "2013.08.23"]
[EventType "swiss"]
[EventRounds "10"]
[EventCountry "ESP"]
[SourceTitle "CBM 156 Extra"]
[Source "ChessBase"]
[SourceDate "2013.10.22"]
[SourceVersion "1"]
[SourceVersionDate "2013.10.22"]
[SourceQuality "1"]

1. Nf3 f5 2. g3 Nf6 3. Bg2 g6 4. O-O Bg7 5. d4 O-O 6. b3 d6 7. Bb2 c6 8. Nbd2
a5 9. e3 a4 10. c4 axb3 11. axb3 Rxa1 12. Qxa1 Na6 13. Rd1 Bd7 14. Ne1 g5 15.
Nd3 Qe8 16. Qa5 Qg6 17. f4 gxf4 18. exf4 h5 19. Re1 h4 20. Rxe7 hxg3 21. hxg3
Qxg3 22. Nf3 Nb8 23. Qc7 Ne4 24. Rxd7 Nxd7 25. Qxd7 Rf6 26. Qe8+ Bf8 27. Bc1
Kg7 28. Be3 Rg6 29. Qd7+ Kg8 30. Nde1 d5 31. cxd5 Bb4 32. Qc8+ Bf8 33. Qxf5 Nd6
34. Qh5 Rh6 35. Qg5+ Rg6 36. Qxg3 Rxg3 37. dxc6 bxc6 38. Nd3 Bg7 39. Nde5 Bxe5
40. dxe5 Nf5 41. Bd2 c5 42. Kf2 Rg7 43. Bh3 1-0

[Event "Dubai op 16th"]
[Site "Dubai"]
[Date "2014.04.15"]
[Round "9"]
[White "Iturrizaga Bonelli, Eduardo"]
[Black "Gupta, Abhijeet"]
[Result "1-0"]
[WhiteElo "2635"]
[BlackElo "2630"]
[PlyCount "101"]
[EventDate "2014.04.07"]
[EventType "swiss"]
[EventRounds "9"]
[EventCountry "UAE"]
[SourceTitle "CBM 159 Extra"]
[Source "ChessBase"]
[SourceDate "2014.04.24"]
[SourceVersion "1"]
[SourceVersionDate "2014.04.24"]
[SourceQuality "1"]

1. Nf3 Nf6 2. c4 g6 3. Nc3 d5 4. cxd5 Nxd5 5. Qb3 Nb6 6. d4 Bg7 7. Bf4 Be6 8.
Qa3 O-O 9. e4 c6 10. Be2 Bg4 11. Ng5 Bxe2 12. Nxe2 h6 13. Nf3 N8d7 14. O-O c5
15. Rac1 cxd4 16. Bc7 Qe8 17. Nexd4 e5 18. Nb5 Nf6 19. Qb3 Nxe4 20. Rfe1 Nf6
21. Nxe5 Qe6 22. Qxe6 fxe6 23. Nxg6 Rf7 24. Ne5 Rff8 25. Ng6 Rf7 26. Rxe6 Nbd5
27. Bg3 Nh5 28. Be5 Nhf4 29. Nxf4 Nxf4 30. Bxf4 Rxf4 31. b3 Rd8 32. g3 Rf3 33.
Rc2 a6 34. Nd6 Rd7 35. Kg2 Rf8 36. f4 Kh7 37. Ne8 Ba1 38. Kf3 Rd3+ 39. Kg4 Rf7
40. Nd6 Rg7+ 41. Kh3 Rd5 42. Ne4 Rf7 43. Rc5 Rxc5 44. Nxc5 Rc7 45. b4 a5 46.
Rb6 axb4 47. Rxb7 Rxb7 48. Nxb7 Kg6 49. Kg4 h5+ 50. Kf3 Kf5 51. h3 1-0

[Event "Caracas m"]
[Site "Caracas"]
[Date "2014.11.07"]
[Round "2"]
[White "Iturrizaga Bonelli, Eduardo"]
[Black "Shirov, Alexei"]
[Result "1-0"]
[WhiteElo "2646"]
[BlackElo "2683"]
[PlyCount "33"]
[EventDate "2014.11.06"]
[EventType "match"]
[EventRounds "6"]
[EventCountry "VEN"]
[SourceTitle "EXT 2015"]
[Source "ChessBase"]
[SourceDate "2014.11.20"]
[SourceVersion "1"]
[SourceVersionDate "2014.11.20"]
[SourceQuality "1"]

1. Nf3 d5 2. d4 Nf6 3. c4 e6 4. Nc3 Bb4 5. Bg5 h6 6. Bxf6 Qxf6 7. e3 O-O 8. Rc1
Rd8 9. a3 Bxc3+ 10. Rxc3 dxc4 11. Rxc4 Nc6 12. Rc5 Rd5 13. Rxd5 exd5 14. Be2
Qg6 15. O-O Bh3 16. Ne1 Ne7 17. Bh5 1-0

[Event "Caracas m"]
[Site "Caracas"]
[Date "2014.11.08"]
[Round "3"]
[White "Shirov, Alexei"]
[Black "Iturrizaga Bonelli, Eduardo"]
[Result "0-1"]
[WhiteElo "2683"]
[BlackElo "2646"]
[PlyCount "82"]
[EventDate "2014.11.06"]
[EventType "match"]
[EventRounds "6"]
[EventCountry "VEN"]
[SourceTitle "EXT 2015"]
[Source "ChessBase"]
[SourceDate "2014.11.20"]
[SourceVersion "1"]
[SourceVersionDate "2014.11.20"]
[SourceQuality "1"]

1. e4 c5 2. Nf3 e6 3. d4 cxd4 4. Nxd4 Nc6 5. Nc3 Qc7 6. Be3 a6 7. Qd2 Nf6 8.
O-O-O Be7 9. f3 b5 10. g4 Nxd4 11. Bxd4 b4 12. Ne2 Bb7 13. g5 Nxe4 14. fxe4
Bxe4 15. Rg1 e5 16. Bg2 Bxg2 17. Rxg2 exd4 18. Nxd4 O-O 19. Nf5 Bc5 20. Qxd7
Qf4+ 21. Kb1 g6 22. Nh6+ Kg7 23. Rg4 Qe5 24. Rf1 Ra7 25. Qc6 f5 26. Rg2 Re7 27.
Rd2 Be3 28. Re2 f4 29. h4 Qe4 30. Qd6 f3 31. Ree1 f2 32. Rd1 Bf4 33. Qc5 Bg3
34. Rd4 Qe1+ 35. Rd1 Qe4 36. Rd4 Qe2 37. Rdd1 Rd8 38. Rc1 Bxh4 39. Rh1 Qe5 40.
Qb6 Rf8 41. Ng4 Qe4 0-1

[Event "Dresden ZMD op"]
[Site "Dresden"]
[Date "2016.08.06"]
[Round "8"]
[White "Heimann, Andreas"]
[Black "Iturrizaga Bonelli, Eduardo"]
[Result "0-1"]
[WhiteElo "2588"]
[BlackElo "2624"]
[PlyCount "126"]
[EventDate "2016.07.30"]
[EventType "swiss"]
[EventRounds "9"]
[EventCountry "GER"]
[SourceTitle "EXT 2017"]
[Source "ChessBase"]
[SourceDate "2016.10.25"]
[SourceVersion "1"]
[SourceVersionDate "2016.10.25"]
[SourceQuality "1"]

1. d4 Nf6 2. c4 e6 3. Nf3 b6 4. g3 Bb7 5. Bg2 g6 6. Nc3 Bg7 7. d5 O-O 8. O-O
Re8 9. e4 exd5 10. exd5 Na6 11. Nd4 Nc5 12. Bg5 h6 13. Bf4 a5 14. Ncb5 d6 15.
Qc2 Qd7 16. Rfe1 Ba6 17. Rad1 Kh7 18. b3 Rxe1+ 19. Rxe1 Re8 20. Rxe8 Nxe8 21.
Bf3 Kg8 22. a3 Qe7 23. Be3 Bxb5 24. Nxb5 h5 25. Kg2 Nd7 26. Bd1 Bf6 27. Qe2 Nc5
28. b4 axb4 29. axb4 Na6 30. Bd2 Qxe2 31. Bxe2 Bb2 32. Na7 Nb8 33. Bd1 Kf8 34.
Ba4 Ke7 35. f3 f5 36. Kf2 Nf6 37. Ke2 Nfd7 38. h3 Be5 39. Be1 Bf6 40. Bc2 Ne5
41. Bb3 Nf7 42. f4 Bb2 43. Kd3 Nd7 44. Nc6+ Kf8 45. Ba4 Ba1 46. Bf2 Nf6 47. Nd4
Bxd4 48. Bxd4 Ke7 49. Bd1 Nh6 50. Bf3 Nf7 51. Bc3 Nh6 52. Bb2 Nf7 53. Bd4 Nd7
54. Bg7 Nf6 55. Kd4 Ne8 56. Be5 dxe5+ 57. fxe5 Ng7 58. c5 bxc5+ 59. bxc5 c6 60.
e6 Nd8 61. g4 cxd5 62. gxh5 Nxh5 63. c6 Nf6 0-1

[Event "Abu Dhabi op 23rd"]
[Site "Abu Dhabi"]
[Date "2016.08.29"]
[Round "9"]
[White "Iturrizaga Bonelli, Eduardo"]
[Black "Oleksienko, Mikhailo"]
[Result "1-0"]
[WhiteElo "2626"]
[BlackElo "2610"]
[PlyCount "97"]
[EventDate "2016.08.21"]
[EventType "swiss"]
[EventRounds "9"]
[EventCountry "UAE"]
[SourceTitle "CBM 174 Extra"]
[Source "ChessBase"]
[SourceDate "2016.10.10"]
[SourceVersion "1"]
[SourceVersionDate "2016.10.10"]
[SourceQuality "1"]

1. c4 Nf6 2. Nc3 g6 3. g3 Bg7 4. Bg2 O-O 5. d4 d6 6. Nf3 Nc6 7. O-O e5 8. d5
Nb8 9. e4 a5 10. Bg5 Na6 11. Qd2 Qe8 12. Ne1 Nd7 13. Nc2 f5 14. Be3 Ndc5 15.
Rae1 Nxe4 16. Nxe4 fxe4 17. Qxa5 Bf5 18. b3 Qd7 19. Qd2 b5 20. Na3 bxc4 21.
Nxc4 Rab8 22. Rb1 Nb4 23. Rfd1 Qf7 24. a4 Nd3 25. Qc3 Bg4 26. Rd2 Qxd5 27. Ba7
Rbd8 28. Ne3 Qa8 29. Nxg4 Qxa7 30. Bxe4 Nc5 31. Bc6 Kh8 32. Qc4 Rb8 33. b4 Qb6
34. Qb5 Qxb5 35. Bxb5 Ne6 36. Rc2 e4 37. Bd7 Nc5 38. Bb5 Ne6 39. Bd7 Nc5 40.
Bc6 Rb6 41. a5 Rbb8 42. Rc4 h5 43. Ne3 Nd3 44. Bxe4 Nxf2 45. Bxg6 c5 46. Nf5
cxb4 47. Kxf2 Bc3 48. Kg2 Rf6 49. Rxc3 1-0

[Event "ESP-chT Div Honor"]
[Site "Monzon"]
[Date "2016.10.01"]
[Round "6.3"]
[White "Adhiban, Baskaran"]
[Black "Iturrizaga Bonelli, Eduardo"]
[Result "0-1"]
[WhiteElo "2671"]
[BlackElo "2650"]
[PlyCount "138"]
[EventDate "2016.09.26"]
[EventType "team-tourn"]
[EventRounds "7"]
[EventCountry "ESP"]
[SourceTitle "CBM 174 Extra"]
[Source "ChessBase"]
[SourceDate "2016.10.10"]
[SourceVersion "1"]
[SourceVersionDate "2016.10.10"]
[SourceQuality "1"]
[WhiteTeam "Solvay"]
[BlackTeam "Equigoma Social Catolica"]
[WhiteTeamCountry "ESP"]
[BlackTeamCountry "ESP"]

1. d4 Nf6 2. c4 e6 3. Nf3 b6 4. a3 c5 5. Nc3 cxd4 6. Nxd4 Bb7 7. Bg5 a6 8. e3
Be7 9. Rc1 d6 10. Nf3 Nbd7 11. Be2 O-O 12. O-O Qc7 13. Nd2 Rac8 14. b4 Rfd8 15.
Qb3 Nf8 16. e4 Qb8 17. Be3 Bc6 18. a4 a5 19. bxa5 bxa5 20. Bb6 Rd7 21. Bxa5 Rb7
22. Nb5 Nxe4 23. Nxe4 Bxe4 24. Bf3 Bxf3 25. Qxf3 Nd7 26. Rfd1 Nc5 27. Bb4 Rb6
28. a5 Ra6 29. Rb1 d5 30. Nc3 Qa8 31. cxd5 Bf6 32. Bxc5 Rxc5 33. Ne4 Rc8 34. d6
Bd8 35. d7 Rc7 36. Qg3 Raa7 37. h3 h6 38. Qf3 Rxa5 39. Qf4 Rd5 40. Rxd5 Qxd5
41. Rb6 Qd1+ 42. Kh2 Rxd7 43. Rb8 Qd4 44. g3 f5 45. Rb4 Qa7 46. Ra4 Qb6 47. Rb4
Qa5 48. Nc3 Kh7 49. Ne2 Bg5 50. Qc4 Rd2 51. Rb5 Qa7 52. Kg2 Qa8+ 53. f3 Qa6 54.
h4 Rb2 55. Rb4 Rxe2+ 56. Kf1 Ra2 57. hxg5 hxg5 58. Qxa6 Rxa6 59. Kf2 Kg6 60. g4
Ra2+ 61. Kf1 Kf6 62. Ke1 g6 63. Kf1 Ke5 64. Ke1 Rc2 65. Ra4 Kd5 66. Ra5+ Kd4
67. Ra6 Ke3 68. Rxe6+ Kxf3 69. gxf5 gxf5 0-1

[Event "ESP-chT Div Honor"]
[Site "Monzon"]
[Date "2016.10.02"]
[Round "7.3"]
[White "Iturrizaga Bonelli, Eduardo"]
[Black "Rapport, Richard"]
[Result "1-0"]
[WhiteElo "2650"]
[BlackElo "2752"]
[PlyCount "79"]
[EventDate "2016.09.26"]
[EventType "team-tourn"]
[EventRounds "7"]
[EventCountry "ESP"]
[SourceTitle "CBM 174 Extra"]
[Source "ChessBase"]
[SourceDate "2016.10.10"]
[SourceVersion "1"]
[SourceVersionDate "2016.10.10"]
[SourceQuality "1"]
[WhiteTeam "Equigoma Social Catolica"]
[BlackTeam "Sestao Fundacion EDP"]
[WhiteTeamCountry "ESP"]
[BlackTeamCountry "ESP"]

1. Nf3 Nc6 2. d4 d5 3. e3 Bg4 4. Be2 e6 5. b3 Bb4+ 6. c3 Bd6 7. Bb2 Nce7 8.
Nbd2 Nf6 9. c4 c6 10. Qc2 Ne4 11. c5 Bc7 12. Nxe4 dxe4 13. Qxe4 Bf5 14. Qh4
Ba5+ 15. Kf1 f6 16. Qh5+ g6 17. Qh6 Qd7 18. Ne1 g5 19. Bh5+ Bg6 20. Bxg6+ Nxg6
21. Qh5 O-O-O 22. d5 e5 23. d6 b6 24. Qe2 Bxe1 25. Rxe1 bxc5 26. Rd1 f5 27. Ba3
f4 28. Bxc5 Kb7 29. e4 Nh4 30. f3 g4 31. Qf2 Ng6 32. Bxa7 c5 33. Bxc5 Qb5+ 34.
Ke1 g3 35. Qc2 Ra8 36. a4 Qa5+ 37. b4 Qxa4 38. Qxa4 Rxa4 39. hxg3 fxg3 40. Rh3
1-0

[Event "Mexico City Cuadrangular"]
[Site "Mexico City"]
[Date "2016.10.30"]
[Round "2.2"]
[White "Iturrizaga Bonelli, Eduardo"]
[Black "Granda Zuniga, Julio E"]
[Result "1-0"]
[WhiteElo "2658"]
[BlackElo "2648"]
[PlyCount "67"]
[EventDate "2016.10.29"]
[EventType "k.o. (rapid)"]
[EventRounds "2"]
[EventCountry "MEX"]
[SourceTitle "CBM 175 Extra"]
[Source "ChessBase"]
[SourceDate "2016.12.12"]
[SourceVersion "1"]
[SourceVersionDate "2016.12.12"]
[SourceQuality "1"]

1. Nf3 c5 2. c4 Nf6 3. Nc3 d5 4. cxd5 Nxd5 5. Qb3 e6 6. g3 Nc6 7. Bg2 Be7 8.
O-O O-O 9. Rd1 Nb6 10. d3 e5 11. e3 Be6 12. Qc2 Rc8 13. Qe2 Re8 14. b3 Bf8 15.
Bb2 f6 16. h3 Qd7 17. Kh2 Nd5 18. Ne4 Bf7 19. g4 b6 20. Rg1 Rcd8 21. Rad1 Nc7
22. Nh4 Kh8 23. Nf5 Nb4 24. d4 exd4 25. exd4 cxd4 26. Bxd4 Ncd5 27. Qf3 Nc6 28.
Ba1 Qc7+ 29. Kh1 Qf4 30. Qxf4 Nxf4 31. Nxf6 Re6 32. Rxd8 Nxd8 33. Nd7 Nxg2 34.
Nxf8 1-0

[Event "Mexico City Cuadrangular"]
[Site "Mexico City"]
[Date "2016.10.30"]
[Round "2.4"]
[White "Iturrizaga Bonelli, Eduardo"]
[Black "Granda Zuniga, Julio E"]
[Result "1-0"]
[WhiteElo "2658"]
[BlackElo "2648"]
[PlyCount "71"]
[EventDate "2016.10.29"]
[EventType "k.o. (rapid)"]
[EventRounds "2"]
[EventCountry "MEX"]
[SourceTitle "CBM 175 Extra"]
[Source "ChessBase"]
[SourceDate "2016.12.12"]
[SourceVersion "1"]
[SourceVersionDate "2016.12.12"]
[SourceQuality "1"]

1. Nf3 c5 2. c4 Nf6 3. g3 b6 4. Bg2 Bb7 5. O-O e6 6. Nc3 Be7 7. d4 cxd4 8. Qxd4
O-O 9. Bg5 h6 10. Bxf6 Bxf6 11. Qf4 Bxc3 12. bxc3 Na6 13. Rfd1 Nc5 14. Bh3 Bxf3
15. exf3 Rc8 16. Qe3 Qc7 17. f4 Nb7 18. Rd4 Nd6 19. Qd3 Nxc4 20. Rxd7 Qb8 21.
Bxe6 Ne5 22. fxe5 fxe6 23. f4 Rc7 24. Rd1 Rxd7 25. Qxd7 Qc8 26. Rd3 Qc4 27. a4
Rf7 28. Qd4 Rc7 29. Kg2 Kf7 30. Kh3 Qxd4 31. cxd4 Ke7 32. d5 exd5 33. Rxd5 Rc4
34. a5 Rc5 35. Rxc5 bxc5 36. Kg4 1-0

[Event "Dubai op 19th"]
[Site "Dubai"]
[Date "2017.04.08"]
[Round "5"]
[White "Iturrizaga Bonelli, Eduardo"]
[Black "Pantsulaia, Levan"]
[Result "1-0"]
[WhiteElo "2671"]
[BlackElo "2589"]
[PlyCount "69"]
[EventDate "2017.04.03"]
[EventType "swiss"]
[EventRounds "9"]
[EventCountry "UAE"]
[SourceTitle "CBM 177 Extra"]
[Source "ChessBase"]
[SourceDate "2017.04.27"]
[SourceVersion "1"]
[SourceVersionDate "2017.04.27"]
[SourceQuality "1"]

1. Nf3 Nf6 2. c4 c5 3. Nc3 Nc6 4. d4 cxd4 5. Nxd4 e6 6. a3 Be7 7. e4 O-O 8. Nb3
b6 9. Be2 Bb7 10. O-O d6 11. Bf4 Rc8 12. Rc1 Ne5 13. Nd2 Qc7 14. Bg3 Qb8 15. f4
Ng6 16. Kh1 Qa8 17. Bd3 Rfe8 18. Qe2 Bf8 19. e5 Nd7 20. Nf3 Be7 21. exd6 Bxd6
22. Bxg6 hxg6 23. Rcd1 e5 24. Rxd6 exf4 25. Qd1 Bxf3 26. Rxf3 Ne5 27. Rxf4 Nxc4
28. Rd7 Ne3 29. Qf3 f5 30. Qxa8 Rxa8 31. h3 Rad8 32. Rfd4 Rxd7 33. Rxd7 Nc4 34.
Rxa7 Nxb2 35. Bf2 1-0

[Event "American Continental playoff 13th"]
[Site "Medellin"]
[Date "2017.06.18"]
[Round "3"]
[White "Kaidanov, Gregory S"]
[Black "Iturrizaga Bonelli, Eduardo"]
[Result "0-1"]
[WhiteElo "2550"]
[BlackElo "2663"]
[PlyCount "130"]
[EventDate "2017.06.18"]
[EventType "tourn (rapid)"]
[EventRounds "5"]
[EventCountry "COL"]
[EventCategory "13"]
[SourceTitle "CBM 178 Extra"]
[Source "ChessBase"]
[SourceDate "2017.06.22"]
[SourceVersion "1"]
[SourceVersionDate "2017.06.22"]
[SourceQuality "1"]

1. Nf3 c5 2. c4 g6 3. d4 cxd4 4. Nxd4 Nc6 5. e4 Bg7 6. Be3 Nf6 7. Nc3 O-O 8.
Be2 d6 9. O-O Bd7 10. Rc1 Nxd4 11. Bxd4 Bc6 12. f3 a5 13. b3 Nd7 14. Bf2 Nc5
15. Qd2 Be5 16. Bh4 Qb6 17. Kh1 e6 18. Rb1 Qb4 19. Rfc1 f5 20. exf5 Rxf5 21.
Bg3 Bxg3 22. hxg3 Rh5+ 23. Kg1 Nxb3 24. Qe3 Qc5 25. Qxc5 Nxc5 26. Rd1 Rd8 27.
Nb5 Re5 28. Kf2 Bxb5 29. Rxb5 Kf7 30. Kf1 Rh5 31. Rd4 Ke7 32. Rxa5 Ne4 33. Rxh5
Nxg3+ 34. Kf2 Nxh5 35. f4 Nf6 36. Bf3 b6 37. Rd2 Rc8 38. Rb2 Rxc4 39. Rxb6 Rxf4
40. Rb7+ Kd8 41. Ke3 Ra4 42. Rf7 Nd7 43. Rxh7 Rxa2 44. Rg7 Ne5 45. Be4 Ra3+ 46.
Kf4 Ra4 47. Ke3 Ra3+ 48. Kf4 Ra4 49. Ke3 Ke8 50. Bc2 Rg4 51. Kf2 Kf8 52. Rc7
Rf4+ 53. Ke3 Rf7 54. Rc8+ Ke7 55. Bd1 Kf6 56. Be2 Ra7 57. Rf8+ Ke7 58. Rg8 Ra4
59. Rb8 d5 60. Rb5 Nc4+ 61. Kf2 Nd6 62. Rb8 Ra3 63. Bf3 Nf5 64. Rb6 Ra2+ 65.
Kf1 g5 0-1